| 000 | 00362nam a22001217a 4500 | ||
|---|---|---|---|
| 999 |
_c5114 _d5114 |
||
| 008 | 250625b ||||| |||| 00| 0 eng d | ||
| 020 | _a9781482450798 | ||
| 082 | _a613.6 SPI | ||
| 100 |
_aSPILSBURY,LOUISE _eAUTHOR |
||
| 245 | _aSURVIVING THE RAINFOREST | ||
| 260 |
_a111 EAST 14TH STREET,SUITE 349,NEW YORK,NY 10003 _bGARETH STEVENS PUBLISHING _c2017 |
||
| 942 | _2ddc | ||